<?xml version="1.0" encoding="UTF-8"?>
<record
    xmlns:xsi="http://www.w3.org/2001/XMLSchema-instance"
    xsi:schemaLocation="http://www.loc.gov/MARC21/slim http://www.loc.gov/standards/marcxml/schema/MARC21slim.xsd"
    xmlns="http://www.loc.gov/MARC21/slim">

  <leader>01683nam a22001697a 4500</leader>
  <datafield tag="999" ind1=" " ind2=" ">
    <subfield code="c">158363</subfield>
    <subfield code="d">158363</subfield>
  </datafield>
  <datafield tag="082" ind1=" " ind2=" ">
    <subfield code="a">380.141</subfield>
    <subfield code="b">NIG/ST</subfield>
  </datafield>
  <datafield tag="100" ind1=" " ind2=" ">
    <subfield code="a">Nigita Ros Sajan</subfield>
  </datafield>
  <datafield tag="245" ind1=" " ind2=" ">
    <subfield code="a">Study on the financial performance of SNA Oushadhasala Pvt. Ltd.Thrissur</subfield>
  </datafield>
  <datafield tag="260" ind1=" " ind2=" ">
    <subfield code="a">Vellanikkara</subfield>
    <subfield code="b">College of Co-operation Banking and Management</subfield>
    <subfield code="c">2017</subfield>
  </datafield>
  <datafield tag="300" ind1=" " ind2=" ">
    <subfield code="a">81p</subfield>
  </datafield>
  <datafield tag="502" ind1=" " ind2=" ">
    <subfield code="a">MBA</subfield>
  </datafield>
  <datafield tag="520" ind1="3" ind2=" ">
    <subfield code="a">SNA Oushadhasala Pvt Ltd, Thrissur is a leading manufacturing company producing
Ayurvedic medicines. The company produces classical and traditional types of medicines. It is a
company which runs on profit for a long period of time. The company has a very high scope in
future also. Because Ayurvedic industry is in its growth stage and the demand for the Ayurvedic
medicines will never face a tough situation in the near future.
By analyzing last five years&#x2019; financial statement of the company it is clear the there is a
strong liquidity and solvency position at present. The overall performance of the firm is also
good. But by adopting various measures the firm can reduce its operating cost and achieve much
more profitability. The net sales and revenue of the firm is increasing over the years in a good
manner. The operating cost is also increasing along with the sales, but the firm is able to cover
these costs with their sales revenue and to maintain the profitability. By undertaking proper
measures, the operational efficiency can be made better in the future too. The future prospects of the organization are sure to show a tremendous progress.</subfield>
  </datafield>
  <datafield tag="650" ind1=" " ind2=" ">
    <subfield code="a">Agribusiness Mangement</subfield>
  </datafield>
  <datafield tag="700" ind1=" " ind2=" ">
    <subfield code="a">Helen, S (Guide)</subfield>
  </datafield>
  <datafield tag="856" ind1=" " ind2=" ">
    <subfield code="u">http://krishikosh.egranth.ac.in/handle/1/5810143160</subfield>
  </datafield>
  <datafield tag="942" ind1=" " ind2=" ">
    <subfield code="2">ddc</subfield>
    <subfield code="c">TH</subfield>
  </datafield>
  <datafield tag="952" ind1=" " ind2=" ">
    <subfield code="0">0</subfield>
    <subfield code="1">0</subfield>
    <subfield code="4">0</subfield>
    <subfield code="7">1</subfield>
    <subfield code="8">REF</subfield>
    <subfield code="a">KAUCLV</subfield>
    <subfield code="b">KAUCLV</subfield>
    <subfield code="c">THESES</subfield>
    <subfield code="d">2018-02-08</subfield>
    <subfield code="l">0</subfield>
    <subfield code="o">380.141 NIG/ST</subfield>
    <subfield code="p">174146</subfield>
    <subfield code="r">2018-02-08 00:00:00</subfield>
    <subfield code="w">2018-02-08</subfield>
    <subfield code="y">TH</subfield>
  </datafield>
</record>
